000 00517nam a2200181Ia 4500
008 151202s9999||||xx |||||||||||||| ||und||
082 _bPNVM-56162
100 _aराजे शैलजा.
245 _aललाट.
260 _b"नवचैतन्य प्रकाशन,बोरोवली."
260 _c1990
300 _a153
600 _aराजे शैलजा.
630 _aललाट.
700 _aराजे शैलजा.
730 _aललाट.
942 _cBOOK
999 _c1322700
_d1322697